[Event "South Carolina op"]
[Site "Greenville"]
[Date "2006.06.25"]
[Round "5"]
[White "Ftacnik, Lubomir"]
[Black "Pena, Edsel"]
[Result "1-0"]
[WhiteElo "2599"]
[BlackElo "2032"]
[PlyCount "55"]
[EventDate "2006.06.23"]
[EventType "swiss"]
[EventRounds "5"]
[EventCountry "USA"]
[SourceTitle "CBM 112 Extra"]
[Source "ChessBase"]
[SourceDate "2006.07.14"]
[SourceVersion "1"]
[SourceVersionDate "2006.07.14"]
[SourceQuality "1"]

1. d4 Nf6 2. Nf3 g6 3. c4 Bg7 4. Nc3 d5 5. Bf4 dxc4 6. e4 0-0 7. Bxc4 c5 8. d5 Qa5 9. 0-0 Bg4 10. h3 Qb4 11. Qe2 Bxf3 12. gxf3 Nh5 13. Bd2 Qb6 14. e5 Nd7 15. f4 e6 16. Rad1 Rae8 17. Be3 Re7 18. dxe6 fxe6 19. Rd6 Qd8 20. Qg4 Rf5 21. Rfd1 Kh8 22. Bxe6 Rxe6 23. Rxe6 Qg8 24. Rxd7 Bf8 25. Re8 Ng7 26. Rxg7 Kxg7 27. Bxc5 Qc4 28. Bxf8+ 1-0